000
00279nam a2200121Ia 4500
008
190216s9999||||xx |||||||||||||| ||und||
100
_a
Elhance D M
245
0
_a
Fundamentals Of Statistics
260
_b
Kitab Mahal
_c
1978
300
_a
1079p
650
_a
Statistics
942
_c
BK
999
_c
4117
_d
4117